000 00519nam a22001817a 4500
999 _c180220
_d180220
005 20210729155223.0
010 _aENG-129650
020 _a978-93-85606-32-8
035 _aEN-113182
037 _bDBAD/PUB
082 _aS
_b1
100 _aCHUGHTAI ISMAT
245 _aTHE COLLECTIORS'CHUGHTAI
_cISMAT CHUGHTAI
_bHER CHOICEST STORIES
260 _aNEW DELHI
_bWOMEN UNLIMITED
_c2021
270 _a7/10 FIRST FLOOR,SARVAPRIYA VIHAR
_bNEW DELHI
_e110016
300 _a362 pages
_b22cm(pbk)
942 _2ddc
_cEN
_hS
_kCHU